[Event "Euskadi ch 2010"]
[Site "Zornotza ESP"]
[Date "2010.04.07"]
[Round "3.2"]
[White "Alvarez Ibarra, Rafael"]
[Black "Sarralde Osua, Rodrigo"]
[Result "1/2-1/2"]
[WhiteElo "2390"]
[BlackElo "2245"]
[PlyCount "39"]
[EventDate "2010.04.05"]
[EventType "swiss"]
[EventRounds "9"]
[EventCountry "ESP"]
[Source "lmi"]
[SourceDate "2010.04.05"]

1. d4 d5 2. c4 c6 3. Nf3 Nf6 4. e3 e6 5. Bd3 Nbd7 6. Nbd2 Bd6 7. O-O O-O 8. e4
Nxe4 9. Nxe4 dxe4 10. Bxe4 h6 11. Bc2 e5 12. Qd3 f5 13. c5 Bc7 14. Qc4+ Kh8 15.
Nxe5 Nxe5 16. dxe5 Bxe5 17. Bf4 Bxf4 18. Qxf4 Qf6 19. Rad1 Be6 20. Qd4 1/2-1/2

[Event "Euskadi ch 2010"]
[Site "Zornotza ESP"]
[Date "2010.04.07"]
[Round "3.3"]
[White "Alcaide Luque, Aitor"]
[Black "Argandona Riveiro, Inigo"]
[Result "0-1"]
[WhiteElo "2144"]
[BlackElo "2388"]
[PlyCount "50"]
[EventDate "2010.04.05"]
[EventType "swiss"]
[EventRounds "9"]
[EventCountry "ESP"]
[Source "lmi"]
[SourceDate "2010.04.05"]

1. d4 d6 2. e4 Nf6 3. Nc3 Nbd7 4. Nf3 e5 5. g4 Nxg4 6. Rg1 Ngf6 7. Be3 c6 8.
Qd2 b5 9. O-O-O Qa5 10. dxe5 dxe5 11. Qd3 h6 12. Bh3 g5 13. Bf5 Be7 14. Nb1
Qxa2 15. b3 Qa5 16. h4 g4 17. Nh2 h5 18. f4 exf4 19. Bxf4 Nc5 20. Qg3 Bxf5 21.
exf5 Nce4 22. Qe3 Bc5 23. Qe1 Qa1 24. Bd6 Bf2 25. Qe2 O-O-O 0-1

[Event "Euskadi ch 2010"]
[Site "Zornotza ESP"]
[Date "2010.04.07"]
[Round "3.4"]
[White "Guijarro Galan, Jose Luis"]
[Black "Perez De Miguel, Alvaro"]
[Result "0-1"]
[WhiteElo "2104"]
[BlackElo "2193"]
[PlyCount "44"]
[EventDate "2010.04.05"]
[EventType "swiss"]
[EventRounds "9"]
[EventCountry "ESP"]
[Source "lmi"]
[SourceDate "2010.04.05"]

1. e4 c6 2. d4 d5 3. f3 dxe4 4. fxe4 e5 5. Nf3 Bg4 6. Bc4 Nd7 7. c3 b5 8. Bxf7+
Kxf7 9. Ng5+ Qxg5 10. Qb3+ Be6 11. O-O+ Ngf6 12. d5 Bc5+ 13. Kh1 Qg4 14. h3 Qe2
15. dxe6+ Ke7 16. Rd1 Nf8 17. c4 Nxe6 18. Nc3 Qxc4 19. Qc2 Rad8 20. Bd2 Qd3 21.
Qc1 Qg3 22. Rf1 Rxd2 0-1

[Event "Euskadi ch 2010"]
[Site "Zornotza ESP"]
[Date "2010.04.07"]
[Round "3.5"]
[White "Franco Alonso, Alejandro"]
[Black "Arnaez Gil, Juan Ignacio"]
[Result "1-0"]
[WhiteElo "2472"]
[BlackElo "2242"]
[PlyCount "59"]
[EventDate "2010.04.05"]
[EventType "swiss"]
[EventRounds "9"]
[EventCountry "ESP"]
[Source "lmi"]
[SourceDate "2010.04.05"]

1. d4 d5 2. c4 c6 3. Nf3 Nf6 4. e3 Bf5 5. Nc3 e6 6. Nh4 Bg4 7. Qb3 Qb6 8. h3
Bh5 9. g4 Bg6 10. Nxg6 hxg6 11. Bg2 Na6 12. g5 Nd7 13. O-O Be7 14. e4 Qxb3 15.
axb3 dxe4 16. Nxe4 Nb4 17. Bf4 O-O 18. Rfd1 a5 19. h4 b6 20. Rd2 Rfd8 21. Nc3
e5 22. Re2 exf4 23. Rxe7 Nf8 24. d5 cxd5 25. Nxd5 Rab8 26. Nxb4 axb4 27. Raa7
Rd1+ 28. Kh2 Ne6 29. Rxf7 Rf8 30. Bd5 1-0

[Event "Euskadi ch 2010"]
[Site "Zornotza ESP"]
[Date "2010.04.07"]
[Round "3.6"]
[White "Astasio Lopez, David"]
[Black "Limeres Guiance, Cristobal"]
[Result "1-0"]
[WhiteElo "2303"]
[BlackElo "2239"]
[PlyCount "60"]
[EventDate "2010.04.05"]
[EventType "swiss"]
[EventRounds "9"]
[EventCountry "ESP"]
[Source "lmi"]
[SourceDate "2010.04.05"]

1. d4 g6 2. Nf3 Bg7 3. Nbd2 d6 4. e4 Nd7 5. Bc4 e6 6. O-O Ne7 7. Re1 O-O 8. Bb3
b6 9. Qe2 Bb7 10. c3 h6 11. Nf1 c5 12. Ng3 Qc8 13. Be3 e5 14. Rad1 Kh7 15. dxe5
dxe5 16. h4 Qc7 17. h5 Nf6 18. Nh4 g5 19. Nhf5 Nxf5 20. Nxf5 Bxe4 21. Nd6 Bc6
22. Bc1 e4 23. Bc2 Kh8 24. Qc4 Rad8 25. Nxf7+ Rxf7 26. Rxd8+ Qxd8 27. Qxf7 Qd5
28. Qxd5 Bxd5 29. Rd1 Be6 30. Rd8+ Kh7 1-0

[Event "Euskadi ch 2010"]
[Site "Zornotza ESP"]
[Date "2010.04.07"]
[Round "3.7"]
[White "Trigo Urquijo, Sergio"]
[Black "Iglesias Balbas, Ruben"]
[Result "1-0"]
[WhiteElo "2243"]
[BlackElo "1973"]
[PlyCount "53"]
[EventDate "2010.04.05"]
[EventType "swiss"]
[EventRounds "9"]
[EventCountry "ESP"]
[Source "lmi"]
[SourceDate "2010.04.05"]

1. e4 e6 2. d4 c5 3. d5 exd5 4. exd5 d6 5. c4 Nf6 6. Bd3 Be7 7. Nc3 O-O 8. Nge2
Na6 9. O-O Bd7 10. Ng3 Rb8 11. Nf5 Bxf5 12. Bxf5 Nc7 13. Bd3 Qd7 14. Qc2 b5 15.
cxb5 Ncxd5 16. Nxd5 Nxd5 17. Bxh7+ Kh8 18. Bf5 Qxb5 19. a4 Qb3 20. Qe2 g6 21.
Ra3 Qb7 22. Rh3+ Kg8 23. Bxg6 fxg6 24. Qe6+ Rf7 25. Qxg6+ Rg7 26. Qe6+ Rf7 27.
Rg3+ 1-0

[Event "Euskadi ch 2010"]
[Site "Zornotza ESP"]
[Date "2010.04.07"]
[Round "3.8"]
[White "Garro Beraza, Haritz"]
[Black "Varas, Carlos"]
[Result "1-0"]
[WhiteElo "2075"]
[BlackElo "2254"]
[PlyCount "57"]
[EventDate "2010.04.05"]
[EventType "swiss"]
[EventRounds "9"]
[EventCountry "ESP"]
[Source "lmi"]
[SourceDate "2010.04.05"]

1. e4 c5 2. Nf3 e6 3. d3 d5 4. Nbd2 Nc6 5. g3 Bd6 6. Bg2 Nge7 7. O-O O-O 8. Nh4
b6 9. f4 f6 10. Re1 Bc7 11. c3 Bb7 12. exd5 exd5 13. Ndf3 Qd7 14. d4 Rfe8 15.
dxc5 bxc5 16. Be3 Bb6 17. Qb3 Na5 18. Qc2 d4 19. cxd4 cxd4 20. Rad1 Rac8 21.
Qd3 Nd5 22. Bxd4 Rxe1+ 23. Nxe1 Nb4 24. Qe3 Nd5 25. Bxb6 axb6 26. Qd3 Rd8 27.
b4 g5 28. fxg5 fxg5 29. Nf5 1-0

[Event "Euskadi ch 2010"]
[Site "Zornotza ESP"]
[Date "2010.04.07"]
[Round "3.9"]
[White "Hernandez Perez, Jesus"]
[Black "Diez Fraile, David"]
[Result "0-1"]
[WhiteElo "2045"]
[BlackElo "2168"]
[PlyCount "78"]
[EventDate "2010.04.05"]
[EventType "swiss"]
[EventRounds "9"]
[EventCountry "ESP"]
[Source "lmi"]
[SourceDate "2010.04.05"]

1. e4 c5 2. Nf3 d6 3. c3 Nf6 4. Bd3 Nc6 5. Bc2 Bg4 6. h3 Bxf3 7. Qxf3 e6 8. O-O
Be7 9. d3 d5 10. Nd2 Qc7 11. Ba4 a6 12. Bxc6+ Qxc6 13. Re1 Rd8 14. Nf1 dxe4 15.
dxe4 c4 16. Qe2 Nd7 17. f3 Ne5 18. Be3 O-O 19. Bd4 Nd3 20. Red1 Rd7 21. Rab1
Rfd8 22. g3 h5 23. h4 b5 24. f4 Bc5 25. Bxc5 Qxc5+ 26. Kg2 Qc6 27. Kg1 Nc5 28.
e5 Nd3 29. Nh2 a5 30. Nf3 Qc5+ 31. Nd4 Rxd4 32. cxd4 Qxd4+ 33. Kh2 b4 34. Rg1
Nxf4 35. gxf4 Qxf4+ 36. Kh1 Rd2 37. Qxd2 Qxd2 38. Rg2 Qf4 39. Rf1 Qxf1+ 0-1

[Event "Euskadi ch 2010"]
[Site "Zornotza ESP"]
[Date "2010.04.07"]
[Round "3.10"]
[White "Villalta Bustillo, Igor"]
[Black "Agirretxe San Sebastian, Jesus"]
[Result "0-1"]
[WhiteElo "2157"]
[BlackElo "2153"]
[PlyCount "88"]
[EventDate "2010.04.05"]
[EventType "swiss"]
[EventRounds "9"]
[EventCountry "ESP"]
[Source "lmi"]
[SourceDate "2010.04.05"]

1. d4 d5 2. Nf3 Nf6 3. e3 Bg4 4. Nbd2 e6 5. h3 Bh5 6. g4 Bg6 7. Ne5 Nbd7 8.
Nxg6 hxg6 9. Bg2 c6 10. a3 Bd6 11. c4 Qe7 12. e4 e5 13. exd5 exd4+ 14. Qe2 Nc5
15. Ne4 Ncxe4 16. Qxe4 c5 17. b4 Nd7 18. f4 Qxe4+ 19. Bxe4 O-O-O 20. Kd1 Rde8
21. Bg2 Kb8 22. Bd2 f5 23. bxc5 Nxc5 24. gxf5 gxf5 25. Bb4 Re3 26. Bxc5 Bxc5
27. Re1 Rh4 28. Rf1 Bxa3 29. Ra2 b6 30. Re2 Bd6 31. Rd2 d3 32. Rf3 Rxf3 33.
Bxf3 Rxf4 34. Rxd3 Rxc4 35. Re3 a5 36. Re8+ Kc7 37. Rg8 Be5 38. Rf8 Bf6 39. Ra8
Kd6 40. Rb8 Rb4 41. Kc2 a4 42. Ra8 Rb3 43. Be2 Kxd5 44. Bc4+ Kxc4 0-1

[Event "Euskadi ch 2010"]
[Site "Zornotza ESP"]
[Date "2010.04.07"]
[Round "3.11"]
[White "Lakunza Plazaola, Asier"]
[Black "Gutierrez Bustillo, Diego"]
[Result "1-0"]
[WhiteElo "2093"]
[BlackElo "2020"]
[PlyCount "91"]
[EventDate "2010.04.05"]
[EventType "swiss"]
[EventRounds "9"]
[EventCountry "ESP"]
[Source "lmi"]
[SourceDate "2010.04.05"]

1. e4 e5 2. Nf3 Nf6 3. Nxe5 d6 4. Nf3 Nxe4 5. Nc3 Nxc3 6. dxc3 Be7 7. Bf4 Nd7
8. Qd2 Nb6 9. O-O-O Be6 10. Kb1 Qd7 11. Nd4 O-O-O 12. Bb5 c6 13. Bd3 h6 14.
Rhe1 Rhe8 15. h3 Kb8 16. Bg3 a6 17. Nxe6 fxe6 18. Qe3 Kc7 19. Qxe6 Bf8 20.
Qxd7+ Nxd7 21. f4 d5 22. Bg6 Rxe1 23. Rxe1 Nf6 24. Kc1 Bd6 25. Bh2 Rf8 26. g3
Nd7 27. Re2 Rf6 28. Bd3 h5 29. h4 c5 30. c4 d4 31. Bg1 Bf8 32. Kd2 Rb6 33. b3
Rf6 34. c3 Rd6 35. Kc2 Kc6 36. Re8 b5 37. cxb5+ axb5 38. a4 bxa4 39. bxa4 dxc3
40. Bb5+ Kb6 41. Bxd7 Rxd7 42. Rxf8 Rd2+ 43. Kxc3 Rg2 44. Bxc5+ Kxc5 45. Rf5+
Kb6 46. Rg5 1-0

[Event "Euskadi ch 2010"]
[Site "Zornotza ESP"]
[Date "2010.04.07"]
[Round "3.12"]
[White "Alonso Alonso, Ivan"]
[Black "Diaz Herrero, Alvaro"]
[Result "0-1"]
[WhiteElo "2156"]
[BlackElo "2144"]
[PlyCount "128"]
[EventDate "2010.04.05"]
[EventType "swiss"]
[EventRounds "9"]
[EventCountry "ESP"]
[Source "lmi"]
[SourceDate "2010.04.05"]

1. e4 c5 2. Nf3 d6 3. d4 Nf6 4. Nc3 cxd4 5. Nxd4 g6 6. Be3 Bg7 7. f3 O-O 8. Qd2
Nc6 9. Bc4 Bd7 10. O-O-O Rc8 11. Bb3 Nxd4 12. Bxd4 b5 13. Nd5 Nxd5 14. Bxg7
Kxg7 15. exd5 a5 16. a3 b4 17. axb4 axb4 18. h4 Qa5 19. Qd4+ f6 20. Kd2 Qc5 21.
Ke1 Rfe8 22. Kf2 Bf5 23. Qxc5 Rxc5 24. Rd2 Rec8 25. Rc1 h5 26. Ke2 Bd7 27. Rd4
Bb5+ 28. Ke3 Bc4 29. Rcd1 Bxb3 30. cxb3 Rb8 31. Rc4 Rbb5 32. Rcd4 Kf7 33. g4
Rb6 34. gxh5 gxh5 35. Rc4 Rbb5 36. Ke4 f5+ 37. Kxf5 Rxd5+ 38. Rxd5 Rxd5+ 39.
Ke4 Rd2 40. Rxb4 Rxb2 41. Kf5 Rf2 42. Rf4 e5 43. Rb4 Rxf3+ 44. Kg5 Rg3+ 45.
Kxh5 d5 46. Rb7+ Ke6 47. b4 d4 48. b5 d3 49. Rb8 Kd7 50. Rb7+ Kc8 51. Rb6 Kc7
52. Rc6+ Kd7 53. Rc5 Ke6 54. Rc6+ Kd5 55. Rc8 e4 56. b6 Rg7 57. Rc7 d2 58. Kh6
d1=Q 59. Rxg7 Qc1+ 60. Kh7 Qf4 61. h5 Qf5+ 62. Kh6 Qf6+ 63. Rg6 Qh8+ 64. Kg5 e3
0-1

[Event "Euskadi ch 2010"]
[Site "Zornotza ESP"]
[Date "2010.04.08"]
[Round "4.1"]
[White "Argandona Riveiro, Inigo"]
[Black "Martin Alvarez, Inigo"]
[Result "0-1"]
[WhiteElo "2388"]
[BlackElo "2289"]
[PlyCount "74"]
[EventDate "2010.04.05"]
[EventType "swiss"]
[EventRounds "9"]
[EventCountry "ESP"]
[Source "lmi"]
[SourceDate "2010.04.05"]

1. Nf3 d5 2. d4 Nf6 3. c4 c6 4. Nc3 a6 5. e3 b5 6. c5 Nbd7 7. Bd2 e5 8. b4 Qc7
9. a4 Rb8 10. axb5 axb5 11. Ra5 Be7 12. Qa1 O-O 13. Bxb5 cxb5 14. Nxb5 Qc6 15.
dxe5 Rxb5 16. Nd4 Rxa5 17. Qxa5 Qa6 18. Qxa6 Bxa6 19. exf6 Bxf6 20. c6 Bxd4 21.
exd4 Nb6 22. c7 Rc8 23. Bf4 Re8+ 24. Kd1 Re2 25. Re1 Rxe1+ 26. Kxe1 Kf8 27. g4
Ke7 28. h4 Kd7 29. h5 Na8 30. Be5 g6 31. c8=Q+ Kxc8 32. hxg6 hxg6 33. Kd2 Kd7
34. Ke3 Ke6 35. Kf4 Nb6 36. Kg5 Nc4 37. Bb8 Nd2 0-1

[Event "Euskadi ch 2010"]
[Site "Zornotza ESP"]
[Date "2010.04.08"]
[Round "4.2"]
[White "Sarralde Osua, Rodrigo"]
[Black "Perez De Miguel, Alvaro"]
[Result "1-0"]
[WhiteElo "2245"]
[BlackElo "2193"]
[PlyCount "127"]
[EventDate "2010.04.05"]
[EventType "swiss"]
[EventRounds "9"]
[EventCountry "ESP"]
[Source "lmi"]
[SourceDate "2010.04.05"]

1. e4 c6 2. d4 d5 3. Nc3 dxe4 4. Nxe4 Nd7 5. Bc4 Ngf6 6. Ng5 e6 7. Qe2 Nb6 8.
Bb3 h6 9. N5f3 c5 10. dxc5 Nbd7 11. Ne5 Nxe5 12. Qxe5 Qa5+ 13. Bd2 Qxc5 14. Nf3
Bd7 15. O-O Bd6 16. Qxc5 Bxc5 17. Ne5 O-O 18. Rad1 Rfd8 19. Nxd7 Rxd7 20. Ba5
Rxd1 21. Rxd1 Ne4 22. Be1 Bb6 23. Kf1 Rd8 24. Rxd8+ Bxd8 25. c3 Bg5 26. Bc2 Nd6
27. Ke2 Kf8 28. Kd3 Bf6 29. a4 Ke8 30. f3 Be5 31. g3 Kd7 32. Bf2 b6 33. b4 Nb7
34. Bd1 Kc7 35. f4 Bd6 36. Bf3 a6 37. h4 f6 38. Be3 Be7 39. Bd4 Bd6 40. Be3 Be7
41. Bg4 a5 42. Bd2 f5 43. Bf3 Bf6 44. h5 Be7 45. Bxb7 Kxb7 46. bxa5 bxa5 47. c4
Kb6 48. Be1 Bf6 49. Bc3 Kc5 50. Bxa5 e5 51. fxe5 Bxe5 52. Be1 Bc7 53. a5 Be5
54. Bf2+ Kc6 55. a6 Bc7 56. a7 Kb7 57. Ke2 Be5 58. Kf3 Bc7 59. Bd4 Bd8 60. Kf4
Bc7+ 61. Kxf5 Bxg3 62. Kg6 Bf4 63. Bxg7 Kxa7 64. Bxh6 1-0

[Event "Euskadi ch 2010"]
[Site "Zornotza ESP"]
[Date "2010.04.08"]
[Round "4.3"]
[White "Astasio Lopez, David"]
[Black "Franco Alonso, Alejandro"]
[Result "1/2-1/2"]
[WhiteElo "2303"]
[BlackElo "2472"]
[PlyCount "103"]
[EventDate "2010.04.05"]
[EventType "swiss"]
[EventRounds "9"]
[EventCountry "ESP"]
[Source "lmi"]
[SourceDate "2010.04.05"]

1. d4 Nf6 2. Nf3 c5 3. e3 d5 4. Nbd2 Nbd7 5. c3 Qc7 6. Qa4 g6 7. dxc5 Qxc5 8.
Bd3 Bg7 9. e4 dxe4 10. Bxe4 Nxe4 11. Nxe4 Qc7 12. O-O O-O 13. Re1 Nb6 14. Qa5
Rd8 15. Be3 Bg4 16. Nd4 Rd5 17. Qb4 a5 18. Qb3 Bd7 19. a4 Nc4 20. Nd2 Nxe3 21.
Rxe3 Bxd4 22. cxd4 Bc6 23. Rae1 Qf4 24. Nf3 e6 25. Re4 Qd6 26. Rh4 Rd8 27. Qe3
Qf8 28. Ne5 Qg7 29. b3 Be8 30. Rc1 g5 31. Rg4 h6 32. f4 Rxd4 33. fxg5 Rxg4 34.
Nxg4 hxg5 35. Rc5 Qd4 36. Qxd4 Rxd4 37. Rxg5+ Kf8 38. h4 f5 39. Nf6 Rxh4 40. g4
Bc6 41. gxf5 exf5 42. Rxf5 Kf7 43. Nh5+ Ke6 44. Rxa5 Rb4 45. Kf2 Rxb3 46. Nf4+
Kd6 47. Ke2 Ra3 48. Kd2 b5 49. Nd3 bxa4 50. Nb4 Bd7 51. Rd5+ Ke7 52. Rd3
1/2-1/2

[Event "Euskadi ch 2010"]
[Site "Zornotza ESP"]
[Date "2010.04.08"]
[Round "4.4"]
[White "Huerga Leache, Mikel"]
[Black "Trigo Urquijo, Sergio"]
[Result "1/2-1/2"]
[WhiteElo "2446"]
[BlackElo "2243"]
[PlyCount "120"]
[EventDate "2010.04.05"]
[EventType "swiss"]
[EventRounds "9"]
[EventCountry "ESP"]
[Source "lmi"]
[SourceDate "2010.04.05"]

1. e4 d6 2. d4 Nf6 3. Nc3 e5 4. Nf3 Nbd7 5. Bc4 Be7 6. O-O O-O 7. Re1 a6 8. a4
b6 9. d5 Bb7 10. Qe2 Kh8 11. b4 Nh5 12. g3 g6 13. Bh6 Ng7 14. h4 Nf6 15. Kg2
Ng4 16. Bxg7+ Kxg7 17. h5 f5 18. hxg6 hxg6 19. exf5 gxf5 20. Rh1 Bf6 21. Rh5 e4
22. Nh4 Bxh4 23. Rxh4 Qf6 24. Rah1 Rh8 25. Nxe4 Qe5 26. f4 Qxe4+ 27. Qxe4 fxe4
28. Rxg4+ Kf6 29. Rgh4 Rxh4 30. Rxh4 b5 31. axb5 axb5 32. Bb3 Kg6 33. Rh1 c6
34. dxc6 Bxc6 35. Rd1 e3+ 36. Kf1 Bf3 37. Re1 Re8 38. g4 Bxg4 39. Kg2 Kf5 40.
Kg3 e2 41. Bd5 Re3+ 42. Kf2 Rc3 43. Rg1 Kxf4 44. Be4 Be6 45. Bd3 Bc4 46. Rh1
Bxd3 47. cxd3 Rxd3 48. Kxe2 Rb3 49. Rh5 Ke4 50. Rxb5 Rb2+ 51. Kd1 d5 52. Ra5
Rb3 53. Ra2 d4 54. Re2+ Kd3 55. Rd2+ Kc3 56. Rc2+ Kxb4 57. Kd2 Ra3 58. Rc8 Kb5
59. Rc7 Kb6 60. Rc4 Kb5 1/2-1/2

[Event "Euskadi ch 2010"]
[Site "Zornotza ESP"]
[Date "2010.04.08"]
[Round "4.5"]
[White "Garro Beraza, Haritz"]
[Black "Alvarez Ibarra, Rafael"]
[Result "1/2-1/2"]
[WhiteElo "2075"]
[BlackElo "2390"]
[PlyCount "22"]
[EventDate "2010.04.05"]
[EventType "swiss"]
[EventRounds "9"]
[EventCountry "ESP"]
[Source "lmi"]
[SourceDate "2010.04.05"]

1. e4 d6 2. d4 g6 3. g3 Bg7 4. Bg2 Nf6 5. h3 O-O 6. Ne2 e5 7. O-O b5 8. f4 Bb7
9. dxe5 dxe5 10. Qxd8 Rxd8 11. Nbc3 Nbd7 1/2-1/2

[Event "Euskadi ch 2010"]
[Site "Zornotza ESP"]
[Date "2010.04.08"]
[Round "4.6"]
[White "Diez Fraile, David"]
[Black "Alcaide Luque, Aitor"]
[Result "1/2-1/2"]
[WhiteElo "2168"]
[BlackElo "2144"]
[PlyCount "49"]
[EventDate "2010.04.05"]
[EventType "swiss"]
[EventRounds "9"]
[EventCountry "ESP"]
[Source "lmi"]
[SourceDate "2010.04.05"]

1. e4 e6 2. d4 d5 3. e5 c5 4. c3 Nc6 5. Nf3 Bd7 6. Be2 Nge7 7. Na3 Ng6 8. O-O
cxd4 9. cxd4 Be7 10. Be3 O-O 11. Nc2 f6 12. exf6 Bxf6 13. Nce1 Nge7 14. Rc1 Nf5
15. Bd3 Ncxd4 16. Nxd4 Nxd4 17. Bxd4 Bxd4 18. Bxh7+ Kxh7 19. Qxd4 Bb5 20. Nd3
e5 21. Qe3 e4 22. Qh3+ Kg8 23. Qe6+ Kh7 24. Qh3+ Kg8 25. Qe6+ 1/2-1/2

[Event "Euskadi ch 2010"]
[Site "Zornotza ESP"]
[Date "2010.04.08"]
[Round "4.7"]
[White "Guijarro Galan, Jose Luis"]
[Black "Agirretxe San Sebastian, Jesus"]
[Result "1/2-1/2"]
[WhiteElo "2104"]
[BlackElo "2153"]
[PlyCount "44"]
[EventDate "2010.04.05"]
[EventType "swiss"]
[EventRounds "9"]
[EventCountry "ESP"]
[Source "lmi"]
[SourceDate "2010.04.05"]

1. e4 c6 2. d4 d5 3. e5 c5 4. dxc5 e6 5. Nf3 Bxc5 6. Bd3 Nc6 7. O-O Nge7 8. Nc3
Ng6 9. Bg5 Be7 10. Bxe7 Qxe7 11. Re1 a6 12. a3 b5 13. b4 Bd7 14. Nb1 a5 15. Nc3
axb4 16. Nxb5 O-O 17. a4 Ra5 18. Qd2 Rfa8 19. Nc7 Rc8 20. Nb5 Rca8 21. Nc7 Rc8
22. Nb5 Rca8 1/2-1/2

[Event "Euskadi ch 2010"]
[Site "Zornotza ESP"]
[Date "2010.04.08"]
[Round "4.8"]
[White "Arnaez Gil, Juan Ignacio"]
[Black "Lakunza Plazaola, Asier"]
[Result "1-0"]
[WhiteElo "2242"]
[BlackElo "2093"]
[PlyCount "63"]
[EventDate "2010.04.05"]
[EventType "swiss"]
[EventRounds "9"]
[EventCountry "ESP"]
[Source "lmi"]
[SourceDate "2010.04.05"]

1. c4 e5 2. Nc3 Nf6 3. Nf3 Nc6 4. d4 exd4 5. Nxd4 Bc5 6. e3 O-O 7. Be2 d5 8.
Nxc6 bxc6 9. O-O Be6 10. Qa4 Qd6 11. h3 Nd7 12. Rd1 Nb6 13. Qc2 Qe7 14. b3 Rad8
15. Bb2 Qg5 16. Kh1 Qh4 17. Bf1 f5 18. cxd5 cxd5 19. Nb5 Be7 20. Nd4 Bc8 21.
Nf3 Qh5 22. Qxc7 Rd7 23. Qg3 Qh6 24. Be5 Ba3 25. Rd4 Qe6 26. Rh4 h6 27. Nd4 Qe7
28. Rxh6 f4 29. exf4 Bb2 30. Bd3 Bxa1 31. Qg6 Qe8 32. Rh8+ 1-0

[Event "Euskadi ch 2010"]
[Site "Zornotza ESP"]
[Date "2010.04.08"]
[Round "4.9"]
[White "Limeres Guiance, Cristobal"]
[Black "Diaz Herrero, Alvaro"]
[Result "1-0"]
[WhiteElo "2239"]
[BlackElo "2144"]
[PlyCount "69"]
[EventDate "2010.04.05"]
[EventType "swiss"]
[EventRounds "9"]
[EventCountry "ESP"]
[Source "lmi"]
[SourceDate "2010.04.05"]

1. d4 Nf6 2. c4 Nc6 3. Nf3 e6 4. Nc3 Bb4 5. e3 Bxc3+ 6. bxc3 O-O 7. Bd3 d6 8.
e4 e5 9. O-O h6 10. d5 Ne7 11. c5 Ng6 12. cxd6 cxd6 13. h3 Nh5 14. Kh2 Qf6 15.
Ng1 Ngf4 16. Bc2 b6 17. g3 Ba6 18. gxf4 Bxf1 19. f5 g6 20. Qxf1 gxf5 21. exf5
e4 22. Qg2+ Kh8 23. Qxe4 Qxc3 24. Rb1 Qe5+ 25. Qxe5+ dxe5 26. Bb2 f6 27. Ne2
Rac8 28. Bb3 Rfd8 29. Rd1 Ng7 30. Ng3 b5 31. Ba3 Ne8 32. Be7 Rd7 33. d6 Nxd6
34. Bxd6 Rcd8 35. Ne4 1-0

[Event "Euskadi ch 2010"]
[Site "Zornotza ESP"]
[Date "2010.04.08"]
[Round "4.10"]
[White "Iglesias Balbas, Ruben"]
[Black "Villalta Bustillo, Igor"]
[Result "1/2-1/2"]
[WhiteElo "1973"]
[BlackElo "2157"]
[PlyCount "86"]
[EventDate "2010.04.05"]
[EventType "swiss"]
[EventRounds "9"]
[EventCountry "ESP"]
[Source "lmi"]
[SourceDate "2010.04.05"]

1. c4 e6 2. e4 d5 3. cxd5 exd5 4. e5 Bf5 5. d4 h5 6. Bd3 Qd7 7. Nc3 c6 8. Nf3
Be7 9. O-O Nh6 10. Re1 Qe6 11. Ne2 Bxd3 12. Qxd3 Qf5 13. Qb3 b6 14. Bd2 g5 15.
Bb4 Bxb4 16. Qxb4 g4 17. Ng3 Qg6 18. e6 f6 19. Nd2 h4 20. Ngf1 Nf5 21. Ne3 Ne7
22. Qd6 Nc8 23. Qc7 O-O 24. Qb7 Qg5 25. g3 hxg3 26. hxg3 f5 27. Kg2 f4 28. Rh1
Ne7 29. Nxg4 fxg3 30. Nh6+ Kg7 31. Nf3 Rxf3 32. Kxf3 Nd7 33. Qxd7 Rf8+ 34. Nf7
Qf5+ 35. Kxg3 Rxf7 36. Rag1 Qg5+ 37. Kh3 Rf3+ 38. Rg3 Rxg3+ 39. fxg3 Qh5+ 40.
Kg2 Qe2+ 41. Kg1 Qe1+ 42. Kh2 Qe2+ 43. Kg1 Qe1+ 1/2-1/2

[Event "Euskadi ch 2010"]
[Site "Zornotza ESP"]
[Date "2010.04.08"]
[Round "4.11"]
[White "Varas, Carlos"]
[Black "Hernandez Perez, Jesus"]
[Result "1-0"]
[WhiteElo "2254"]
[BlackElo "2045"]
[PlyCount "81"]
[EventDate "2010.04.05"]
[EventType "swiss"]
[EventRounds "9"]
[EventCountry "ESP"]
[Source "lmi"]
[SourceDate "2010.04.05"]

1. e4 c5 2. Nf3 d6 3. d4 cxd4 4. Nxd4 Nf6 5. Nc3 g6 6. Be2 Bg7 7. O-O O-O 8.
Be3 Nc6 9. Nb3 Be6 10. f4 Qc8 11. Kh1 Rd8 12. Bg1 d5 13. e5 Ne4 14. Bd3 f6 15.
exf6 exf6 16. f5 Bxf5 17. Nxd5 Kh8 18. c4 Ne5 19. Bxe4 Bxe4 20. Nc5 f5 21. b3
Nc6 22. Nxe4 fxe4 23. Rc1 Qd7 24. Qc2 b5 25. Qxe4 bxc4 26. bxc4 Re8 27. Qh4 Rf8
28. Bc5 Rxf1+ 29. Rxf1 Re8 30. Nf6 Bxf6 31. Qxf6+ Kg8 32. h3 Qe6 33. Qf4 a6 34.
Qh6 Ne7 35. Bd4 Nf5 36. Rxf5 Qd7 37. Rf4 Re1+ 38. Kh2 Qe7 39. c5 g5 40. Rf5
Qc7+ 41. Qd6 1-0

[Event "Euskadi ch 2010"]
[Site "Zornotza ESP"]
[Date "2010.04.09"]
[Round "5.1"]
[White "Martin Alvarez, Inigo"]
[Black "Sarralde Osua, Rodrigo"]
[Result "1/2-1/2"]
[WhiteElo "2289"]
[BlackElo "2245"]
[PlyCount "52"]
[EventDate "2010.04.05"]
[EventType "swiss"]
[EventRounds "9"]
[EventCountry "ESP"]
[Source "lmi"]
[SourceDate "2010.04.05"]

1. e4 c5 2. Nf3 d6 3. d4 cxd4 4. Nxd4 Nf6 5. Nc3 g6 6. Be3 Bg7 7. f3 O-O 8. Qd2
Nc6 9. O-O-O d5 10. Kb1 Nxd4 11. e5 Nf5 12. exf6 Bxf6 13. Nxd5 Qxd5 14. Qxd5
Nxe3 15. Qd2 Nxd1 16. Qxd1 Be6 17. Bb5 a6 18. Ba4 Rfd8 19. Qe2 Rd4 20. Bb3 Bxb3
21. axb3 Rad8 22. g3 R8d7 23. f4 h6 24. Qf3 a5 25. Re1 Kg7 26. h3 R4d5 1/2-1/2

[Event "Euskadi ch 2010"]
[Site "Zornotza ESP"]
[Date "2010.04.09"]
[Round "5.2"]
[White "Franco Alonso, Alejandro"]
[Black "Garro Beraza, Haritz"]
[Result "1-0"]
[WhiteElo "2472"]
[BlackElo "2075"]
[PlyCount "71"]
[EventDate "2010.04.05"]
[EventType "swiss"]
[EventRounds "9"]
[EventCountry "ESP"]
[Source "lmi"]
[SourceDate "2010.04.05"]

1. d4 Nf6 2. c4 g6 3. Nc3 Bg7 4. e4 d6 5. h3 O-O 6. Bg5 Nbd7 7. Nf3 e5 8. d5 h6
9. Be3 Ne8 10. Qd2 Kh7 11. g4 c6 12. Bd3 cxd5 13. cxd5 b6 14. Bc2 a5 15. O-O-O
Nc7 16. Kb1 b5 17. Bd3 Re8 18. Ne2 Na6 19. Ng3 Ndc5 20. Rc1 Bd7 21. Ne1 Qc7 22.
f3 Rec8 23. h4 Qd8 24. h5 g5 25. Be2 f6 26. Nd3 Bf8 27. Rhd1 Nxd3 28. Rxc8 Rxc8
29. Bxd3 Nb4 30. Be2 Rc2 31. Qe1 Qc7 32. Rc1 Be7 33. a3 Rxc1+ 34. Qxc1 Qxc1+
35. Kxc1 Na6 36. a4 1-0

[Event "Euskadi ch 2010"]
[Site "Zornotza ESP"]
[Date "2010.04.09"]
[Round "5.4"]
[White "Alvarez Ibarra, Rafael"]
[Black "Astasio Lopez, David"]
[Result "1-0"]
[WhiteElo "2390"]
[BlackElo "2303"]
[PlyCount "63"]
[EventDate "2010.04.05"]
[EventType "swiss"]
[EventRounds "9"]
[EventCountry "ESP"]
[Source "lmi"]
[SourceDate "2010.04.05"]

1. d4 d5 2. c4 e6 3. Nc3 Nf6 4. cxd5 exd5 5. Bg5 Be7 6. e3 O-O 7. Nf3 Nbd7 8.
Qc2 c6 9. Bd3 Re8 10. O-O h6 11. Bf4 Nf8 12. h3 Bd6 13. Bxd6 Qxd6 14. Rab1 Ne6
15. b4 a5 16. a3 Nd7 17. Rfd1 Ng5 18. Nxg5 hxg5 19. e4 dxe4 20. Nxe4 Qxd4 21.
Nd6 Qe5 22. Nxc8 Raxc8 23. Bh7+ Kf8 24. Rxd7 g6 25. Bxg6 fxg6 26. Qxg6 Re7 27.
Rbd1 Rce8 28. Rxe7 Rxe7 29. Rd8+ Re8 30. Rxe8+ Qxe8 31. Qxe8+ Kxe8 32. bxa5 1-0